| 000 | 00415nam a2200145 a 4500 | ||
|---|---|---|---|
| 001 | 3796 | ||
| 003 | CDMR | ||
| 005 | 20130116135249.0 | ||
| 008 | 130130s1999||||||||||||||||||||||||||||d | ||
| 040 |
_aCDMR _bcat _cCDMR |
||
| 111 | 2 |
_aIPI World Congress and General Assembly _cTaipei _d1999 _n48ena _92684 |
|
| 245 | 1 | 0 | _a[Ponències i comunicacions] |
| 260 |
_aTaipei _c1999 _bInternational Press Institute (IPI) |
||
| 942 | _cMON | ||
| 999 |
_c3796 _d3796 |
||